书目信息 |
| 题名: |
市场预测与决策
|
|
| 作者: | 张卫星 主编 | |
| 分册: | ||
| 出版信息: | 北京 北京工业大学出版社 2002.02 |
|
| 页数: | 281页 | |
| 开本: | 21cm | |
| 丛书名: | 市场营销系列教材 | |
| 单 册: | ||
| 中图分类: | F713.5 | |
| 科图分类: | ||
| 主题词: | 市场预测 , 市场--经济决策 | |
| 电子资源: | ||
| ISBN: | 7-5639-1091-3 | |
| 000 | 00865nam2 2200253 45 | |
| 005 | 20041208145950.44 | |
| 010 | @a7-5639-1091-3@dCNY 14.00 | |
| 100 | @a20021215e2002 ekmy0chiy0121 ea | |
| 101 | 0 | @achi |
| 102 | @aCN@b110000 | |
| 105 | @aak z 000yy | |
| 200 | 1 | @a市场预测与决策@Ashi chang yu ce yu jue ce@f张卫星主编 |
| 210 | @a北京@c北京工业大学出版社@d2002.02@h2004重印 | |
| 215 | @a281页@c图, 表格@d21cm | |
| 225 | 2 | @a市场营销系列教材 |
| 300 | @a高等学校经济管理专业教学用书 | |
| 330 | @a全书论述了市场预测与决策的基本概念、原理、方法、步骤及实务,比较全面地介绍了许多常用预测决策技术和几种较为新颖而被广泛应用的预测方法…… | |
| 410 | 0 | @12001 @a市场营销系列教材 |
| 606 | 0 | @a市场预测 |
| 606 | 0 | @a市场@x经济决策 |
| 690 | @aF713.5@v4 | |
| 701 | 0 | @a张卫星@Azhang wei xing@4主编 |
| 801 | 0 | @aCN@bQSSKa@c20041208 |
| 905 | @a10447@dF713.5@eZ190 | |
| 市场预测与决策/张卫星主编.-北京:北京工业大学出版社,2002.02(2004重印) |
| 281页:图, 表格;21cm.-(市场营销系列教材) |
| 高等学校经济管理专业教学用书 |
| ISBN 7-5639-1091-3:CNY 14.00 |
| 全书论述了市场预测与决策的基本概念、原理、方法、步骤及实务,比较全面地介绍了许多常用预测决策技术和几种较为新颖而被广泛应用的预测方法…… |
| ● |
| 相关链接 |
|
|
|
正题名:市场预测与决策
索取号:F713.5/Z190
 
预约/预借
| 序号 | 登录号 | 条形码 | 馆藏地/架位号 | 状态 | 备注 |
| 1 | 432066 | 204320662 | 社科库409/409社科库 43排1列4层/ [索取号:F713.5/Z190] | 在馆 | |
| 2 | 432067 | 204320671 | 社科库409/409社科库 43排1列4层/ [索取号:F713.5/Z190] | 在馆 |